Netherlands national soccer team ( current squad ) - Statistics

General Stats
  • This quiz has been taken 116 times
  • The average score is 15 of 39
Answer Stats
Position Club Answer % Correct
Midfielder Barcelona Frenkie de Jong
88%
Defender Liverpool Virgil van Dijk
87%
Defender Juventus Matthijs de Ligt
76%
Forward Olympique Lyonnais Memphis Depay
74%
Goalkeeper Norwich City Tim Krul
70%
Goalkeeper Valencia Jasper Cillessen
63%
Midfielder Liverpool Georginio Wijnaldum
60%
Defender Internazionale Stefan de Vrij
59%
Defender Ajax Daley Blind
54%
Defender Bournemouth Nathan Ake
52%
Forward Sevilla Luuk de Jong
49%
Forward VfL Wolfsburg Wout Weghorst
49%
Midfielder Atalanta Marten de Roon
48%
Forward Tottenham Hotspur Steven Bergwijn
48%
Defender PSV Denzel Dumfries
45%
Defender Atalanta Hans Hateboer
41%
Defender Crystal Palace Patrick van Aanholt
38%
Forward Feyenoord Steven Berghuis
38%
Midfielder Marseille Kevin Strootman
35%
Midfielder Ajax Donny van de Beek
33%
Defender Lyon Kenny Tete
33%
Forward Roma Justin Kluivert
32%
Goalkeeper AZ Marco Bizot
32%
Midfielder AZ Teun Koopmeiners
30%
Forward AZ Calvin Stengs
27%
Defender Ajax Joel Veltman
26%
Goalkeeper Los Angeles Kenneth Vermeer
26%
Forward PSV Donyell Malen
24%
Forward AZ Myron Boadu
22%
Midfielder Brighton Davy Propper
20%
Defender AZ Owen Wijndal
20%
Goalkeeper Utrecht Jeroen Zoet
18%
Forward Ajax Quincy Promes
18%
Midfielder Krasnodar Tonny Vilhena
18%
Forward Ajax Ryan Babel
12%
Midfielder Feyenoord Leroy Fer
9%
Midfielder PSV Pablo Rosario
5%
Defender Fulham Terence Kongolo
4%
Forward PSV Mo Ihattaren
1%
No matching quizzes found
Score Distribution
Percent of People with Each Score
Percentile by Number Answered
Your Score History
You have not taken this quiz